000
00297nam a2200145Ia 4500
100
_a
Braganza/ M.
650
_a
General
942
_c
BK
654
_a
I.Q.
245
_a
Check your I.Q.
260
_b
New Light publication
_a
New Delhi
082
_a
153.93
300
_a
164
546
_a
ENGLISH
999
_c
27813
_d
27813